00250nam a2200109Ia 4500100003600000654001400036245002700050260002500077082001800102300000800120546001200128 aLochner/ Robert H/ Matar/ J.E.  aDesigning aDesigning for Quality bChapman & Hallc1990 a620.0028bLOC a241 aENGLISH